[Event "Chalkida Evoiki op 5th"]
[Site "Chalkida"]
[Date "2023.01.06"]
[Round "3"]
[White "Berbatis, Antonios"]
[Black "Nikolaidis, Konstantinos"]
[Result "1/2-1/2"]
[WhiteElo "1850"]
[BlackElo "2157"]
[PlyCount "95"]
[EventDate "2023.01.05"]
[EventType "swiss"]
[EventRounds "7"]
[EventCountry "GRE"]
[SourceTitle "CBM 212 Extra"]
[Source "ChessBase"]
[SourceDate "2023.03.31"]
[SourceVersion "1"]
[SourceVersionDate "2023.03.31"]
[SourceQuality "1"]

1. e4 c5 2. d4 cxd4 3. c3 dxc3 4. Nxc3 Nc6 5. Nf3 e6 6. Bc4 Bb4 7. 0-0 a6 8. e5 Bxc3 9. bxc3 Nge7 10. Re1 Qa5 11. Qd3 Ng6 12. Qe3 0-0 13. a4 f6 14. Ba3 Rf7 15. exf6 Rxf6 16. Bd6 Nce7 17. Qd2 Nf5 18. Ne5 Nxd6 19. Qxd6 Nxe5 20. Qxe5 Qb6 21. Re3 d5 22. Bd3 Bd7 23. Rf1 Raf8 24. c4 dxc4 25. Bxc4 Kh8 26. a5 Qc6 27. Qe4 Qxe4 28. Rxe4 Rf4 29. Bd3 Rxe4 30. Bxe4 Bc6 31. Bxc6 bxc6 32. Rc1 Rc8 33. Re1 c5 34. Rxe6 c4 35. Re2 g6 36. f4 Kg7 37. Kf2 Kf6 38. Rc2 Ke6 39. Ke3 Rc5 40. Kd4 Rxa5 41. Rxc4 Ra2 42. g4 Rxh2 43. Rc6+ Kf7 44. Rxa6 Rh4 45. Ra7+ Kg8 46. Ra8+ Kg7 47. Ra7+ Kg8 48. Ra8+ 1/2-1/2

[Event "GRE-chT 46th"]
[Site "Rio Achaia"]
[Date "2018.07.12"]
[Round "4.12"]
[White "Berbatis, Antonios"]
[Black "Tzagarakis, Panagiotis"]
[Result "1-0"]
[WhiteElo "1881"]
[BlackElo "1573"]
[PlyCount "67"]
[EventDate "2018.07.10"]
[EventType "team"]
[EventRounds "7"]
[EventCountry "GRE"]
[SourceTitle "CBM 185 Extra"]
[Source "ChessBase"]
[SourceDate "2018.07.29"]
[SourceVersion "1"]
[SourceVersionDate "2018.07.29"]
[SourceQuality "1"]
[WhiteTeam "Evoiki EV"]
[BlackTeam "Chania Kaissa"]
[WhiteTeamCountry "GRE"]
[BlackTeamCountry "GRE"]

1. e4 c5 2. Nf3 d6 3. d4 cxd4 4. Nxd4 Nf6 5. Nc3 Nc6 6. h3 g6 7. Be3 Bg7 8. Qd2 0-0 9. 0-0-0 Bd7 10. g4 Nxd4 11. Bxd4 Bc6 12. Bg2 Qa5 13. Kb1 Rfe8 14. g5 Nh5 15. Bxg7 Nxg7 16. f4 Rac8 17. h4 b5 18. f5 b4 19. Ne2 gxf5 20. h5 Bxe4 21. Bxe4 fxe4 22. g6 Rc5 23. gxf7+ Kxf7 24. Rdf1+ Nf5 25. Nd4 e6 26. Qh6 Re7 27. Qxh7+ Ke8 28. Qg8+ Kd7 29. Nb3 Qb6 30. Nxc5+ Qxc5 31. h6 Nd4 32. Rc1 Nf3 33. h7 Nd2+ 34. Ka1 1-0

[Event "GRE-chT 46th"]
[Site "Rio Achaia"]
[Date "2018.07.10"]
[Round "1.9"]
[White "Karousos Theodorakis, Nikolaos"]
[Black "Berbatis, Antonios"]
[Result "1-0"]
[WhiteElo "2255"]
[BlackElo "1881"]
[PlyCount "105"]
[EventDate "2018.07.10"]
[EventType "team"]
[EventRounds "7"]
[EventCountry "GRE"]
[SourceTitle "CBM 185 Extra"]
[Source "ChessBase"]
[SourceDate "2018.07.29"]
[SourceVersion "1"]
[SourceVersionDate "2018.07.29"]
[SourceQuality "1"]
[WhiteTeam "Heraklion Attica"]
[BlackTeam "Evoiki EV"]
[WhiteTeamCountry "GRE"]
[BlackTeamCountry "GRE"]

1. e4 c5 2. Nf3 e6 3. d4 cxd4 4. Nxd4 Nc6 5. Nc3 Qc7 6. Be3 a6 7. Be2 Nf6 8. 0-0 Be7 9. f4 d6 10. Qe1 0-0 11. Qg3 Kh8 12. Kh1 Bd7 13. Rae1 Rac8 14. a3 e5 15. fxe5 dxe5 16. Nxc6 Bxc6 17. Bd3 Bd7 18. Bg5 Be6 19. Bxf6 Bxf6 20. Nd5 Bxd5 21. exd5 Qd6 22. Qf3 e4 23. Qxe4 g6 24. c3 Rc5 25. Bb1 Bg7 26. Ba2 Rc7 27. Re2 f5 28. Qe6 Qxe6 29. Rxe6 Rd7 30. Rfe1 Bf6 31. R1e2 Kg7 32. c4 f4 33. c5 Bd4 34. c6 bxc6 35. dxc6 Rc7 36. Bd5 Kh6 37. b4 Rb8 38. Re7 Rbc8 39. a4 Be3 40. Rxc7 Rxc7 41. g3 g5 42. Kg2 Bb6 43. Re6+ Kg7 44. gxf4 gxf4 45. Kf3 Ra7 46. h3 Kf8 47. Rf6+ Ke7 48. Rh6 Kf8 49. Be4 Rg7 50. Rxh7 Rxh7 51. Bxh7 Bc7 52. Bd3 a5 53. bxa5 1-0

[Event "GRE-ch Schools Lykeia 30th"]
[Site "Peristeri"]
[Date "2018.04.02"]
[Round "9"]
[White "Berbatis, Antonios"]
[Black "Kouroglou, Konstantinos"]
[Result "1-0"]
[WhiteElo "1878"]
[BlackElo "1683"]
[PlyCount "54"]
[EventDate "2018.04.01"]
[EventType "swiss (rapid)"]
[EventRounds "9"]
[EventCountry "GRE"]
[SourceTitle "EXT 2019"]
[Source "ChessBase"]
[SourceDate "2018.10.10"]
[SourceVersion "1"]
[SourceVersionDate "2018.10.10"]
[SourceQuality "1"]

1. e4 c5 2. Nf3 d6 3. d4 cxd4 4. Nxd4 Nf6 5. Nc3 g6 6. Be3 Bg7 7. h3 0-0 8. g4 Nc6 9. Bg2 Ne5 10. Qe2 Bd7 11. f4 Nexg4 12. hxg4 Nxg4 13. Qd2 Nxe3 14. Qxe3 Qb6 15. 0-0-0 Rfc8 16. Nd5 Qd8 17. f5 Ba4 18. b3 Bc6 19. fxg6 Bxd5 20. gxh7+ Kh8 21. exd5 Qa5 22. Kb2 Rxc2+ 23. Kxc2 Rc8+ 24. Kb1 Rc3 25. Qxe7 Rc8 26. Qe3 Qb6 27. Nf5 Rc1+ 1-0

[Event "GRE-chT 44th"]
[Site "Achaia"]
[Date "2016.07.10"]
[Round "7.17"]
[White "Makris, Spyridon Dionysios"]
[Black "Berbatis, Antonios"]
[Result "1-0"]
[WhiteElo "1739"]
[BlackElo "1588"]
[PlyCount "83"]
[EventDate "2016.07.05"]
[EventType "team-swiss"]
[EventRounds "7"]
[EventCountry "GRE"]
[SourceTitle "CBM 173 Extra"]
[Source "ChessBase"]
[SourceDate "2016.08.29"]
[SourceVersion "1"]
[SourceVersionDate "2016.08.29"]
[SourceQuality "1"]
[WhiteTeam "Corfu SPZ"]
[BlackTeam "Evia HS"]
[WhiteTeamCountry "GRE"]
[BlackTeamCountry "GRE"]

1. e4 e5 2. Nf3 Nc6 3. Bb5 a6 4. Ba4 Nf6 5. 0-0 Be7 6. Re1 d6 7. c3 b5 8. Bb3 0-0 9. h3 Bb7 10. d4 h6 11. Nbd2 exd4 12. cxd4 d5 13. e5 Ne8 14. Nf1 Na5 15. Bc2 Bb4 16. Qd3 g6 17. Bxh6 Bxe1 18. Bxf8 Bxf2+ 19. Kxf2 Kxf8 20. Qd2 c6 21. Qh6+ Ke7 22. Qh7 Ke6 23. h4 Nc7 24. Ng5+ Kd7 25. Qxf7+ Qe7 26. Qxe7+ Kxe7 27. Bxg6 Ne6 28. Nxe6 Kxe6 29. Rc1 Rf8+ 30. Ke2 Nc4 31. b3 Nb6 32. Ne3 Nd7 33. Bf5+ Ke7 34. Bxd7 Kxd7 35. Rf1 Rh8 36. Rf7+ Kc8 37. Nf5 Kb8 38. Nd6 Bc8 39. Nxc8 Rxc8 40. h5 c5 41. dxc5 Re8 42. h6 1-0

[Event "GRE-ch U14"]
[Site "Rio Achaia"]
[Date "2015.07.02"]
[Round "9.17"]
[White "Berbatis, Antonios"]
[Black "Stratis, Nikiforos"]
[Result "1-0"]
[WhiteElo "1400"]
[BlackElo "1222"]
[PlyCount "47"]
[EventDate "2015.06.26"]
[EventType "swiss"]
[EventRounds "9"]
[EventCountry "GRE"]
[SourceTitle "EXT 2024"]
[Source "ChessBase"]
[SourceDate "2023.10.10"]
[SourceVersion "1"]
[SourceVersionDate "2023.10.10"]
[SourceQuality "1"]

1. e4 e5 2. Nf3 Nc6 3. d4 exd4 4. Nxd4 Bc5 5. Nb3 Bb6 6. Nc3 Qe7 7. Qe2 Nd4 8. Nxd4 Bxd4 9. Bd2 Qc5 10. f3 Ne7 11. 0-0-0 d6 12. Kb1 Be6 13. a3 0-0 14. h4 a6 15. f4 b5 16. f5 Bc4 17. Qg4 Kh8 18. Bxc4 bxc4 19. Ne2 Rab8 20. Bb4 Qb6 21. Nxd4 a5 22. Bc3 c5 23. Ne6 f6 24. Qxg7# 1-0

[Event "GRE-ch U14"]
[Site "Rio Achaia"]
[Date "2015.06.30"]
[Round "7.17"]
[White "Vasilopoulos, Eleftherios Foivos"]
[Black "Berbatis, Antonios"]
[Result "1/2-1/2"]
[WhiteElo "1365"]
[BlackElo "1400"]
[PlyCount "147"]
[EventDate "2015.06.26"]
[EventType "swiss"]
[EventRounds "9"]
[EventCountry "GRE"]
[SourceTitle "EXT 2024"]
[Source "ChessBase"]
[SourceDate "2023.10.10"]
[SourceVersion "1"]
[SourceVersionDate "2023.10.10"]
[SourceQuality "1"]

1. e4 e5 2. Nf3 Nc6 3. Bb5 a6 4. Ba4 Nf6 5. 0-0 Be7 6. d3 d6 7. h3 b5 8. Bb3 Na5 9. c3 Nxb3 10. axb3 0-0 11. Re1 Bb7 12. Bd2 Nd7 13. d4 f5 14. exf5 Rxf5 15. Re3 Qf8 16. Qe2 e4 17. Nh2 Bg5 18. Rg3 Bh4 19. Be3 Bxg3 20. fxg3 Rc8 21. Nd2 c5 22. Ng4 Nb6 23. Nf2 c4 24. bxc4 Nxc4 25. Nxc4 Rxc4 26. Bf4 Qe7 27. Re1 d5 28. Nd3 Rc8 29. Nc5 Rxc5 30. dxc5 Qxc5+ 31. Qe3 Qe7 32. Qd4 Rf7 33. Qe3 Qd7 34. Rd1 Qc6 35. Be5 Qe6 36. Bd4 Qe8 37. Kh2 Qc8 38. Qg5 h6 39. Qe5 Qf8 40. Qe6 Qe7 41. Qxe7 Rxe7 42. Kg1 Kf7 43. Kf2 Ke6 44. Ke3 Rf7 45. Rd2 g6 46. Rf2 Rxf2 47. Kxf2 a5 48. Ke3 b4 49. cxb4 axb4 50. g4 b3 51. g3 Ba6 52. h4 h5 53. gxh5 gxh5 54. Bc3 Kf5 55. Be1 Ke5 56. Bc3+ Kf5 57. Be1 Kg4 58. Bf2 Bc4 59. Be1 Bd3 60. Bf2 d4+ 61. Kxd4 Kf3 62. Be1 Ke2 63. Bb4 e3 64. Bd6 Bc2 65. Bf4 Kf3 66. Bxe3 Kxg3 67. Bg5 Kf2 68. Kc3 Ke2 69. Bd8 Kd1 70. Bf6 Kc1 71. Bg5+ Kb1 72. Bf6 Ka2 73. Kd2 Bf5 74. Kc3 1/2-1/2

[Event "GRE-ch U14"]
[Site "Rio Achaia"]
[Date "2015.06.29"]
[Round "5.10"]
[White "Dermitzakis, Pavlos"]
[Black "Berbatis, Antonios"]
[Result "1-0"]
[WhiteElo "1561"]
[BlackElo "1400"]
[PlyCount "91"]
[EventDate "2015.06.26"]
[EventType "swiss"]
[EventRounds "9"]
[EventCountry "GRE"]
[SourceTitle "EXT 2024"]
[Source "ChessBase"]
[SourceDate "2023.10.10"]
[SourceVersion "1"]
[SourceVersionDate "2023.10.10"]
[SourceQuality "1"]

1. e4 e5 2. Nf3 Nc6 3. c3 Nf6 4. d4 exd4 5. e5 Nd5 6. cxd4 Bb4+ 7. Bd2 Bxd2+ 8. Qxd2 d6 9. Bb5 0-0 10. Bxc6 bxc6 11. 0-0 Re8 12. Qc2 Bd7 13. Nbd2 Rb8 14. a3 Nf4 15. Nc4 d5 16. Na5 Rb6 17. b4 Qc8 18. Qd2 Nxg2 19. Kxg2 Bh3+ 20. Kh1 Qg4 21. Nh4 Bxf1 22. Rxf1 Qxh4 23. Qe3 Qe4+ 24. Qxe4 dxe4 25. Rc1 f6 26. Nxc6 Kf7 27. Nxa7 Rb7 28. Nc6 fxe5 29. dxe5 Ke6 30. a4 Kf5 31. a5 Ra8 32. Rc5 Ke6 33. Kg2 Kd7 34. Kg3 Ra6 35. e6+ Ke8 36. Kf4 Rxc6 37. Rxc6 Kd8 38. Rc4 Ra7 39. Kxe4 h6 40. f4 Ke7 41. Ke5 g6 42. Kd5 Kd8 43. Rc6 g5 44. fxg5 hxg5 45. a6 Ke7 46. Ke5 1-0

[Event "GRE-ch U14"]
[Site "Rio Achaia"]
[Date "2015.06.28"]
[Round "4.15"]
[White "Berbatis, Antonios"]
[Black "Ntalachanis, Konstantinos"]
[Result "1-0"]
[WhiteElo "1400"]
[BlackElo "1040"]
[PlyCount "58"]
[EventDate "2015.06.26"]
[EventType "swiss"]
[EventRounds "9"]
[EventCountry "GRE"]
[SourceTitle "EXT 2024"]
[Source "ChessBase"]
[SourceDate "2023.10.10"]
[SourceVersion "1"]
[SourceVersionDate "2023.10.10"]
[SourceQuality "1"]

1. e4 c5 2. Nc3 e6 3. f4 Nc6 4. Nf3 b6 5. Bb5 Qc7 6. d3 Bb7 7. 0-0 0-0-0 8. a4 d5 9. Bxc6 Bxc6 10. e5 f6 11. Bd2 d4 12. Nb5 Bxb5 13. axb5 h6 14. Ra6 f5 15. Qa1 Kb8 16. Qa4 Ne7 17. Qc4 Nd5 18. Rfa1 Rd7 19. Rxa7 Qxa7 20. Rxa7 Rxa7 21. Nh4 Be7 22. Nxf5 g5 23. Nxe7 Rxe7 24. fxg5 Rf8 25. g6 Ra7 26. h3 Ra1+ 27. Kh2 Rf2 28. g7 Rxd2 29. g8Q+ Kc7 1-0

[Event "GRE-ch U14"]
[Site "Rio Achaia"]
[Date "2015.06.27"]
[Round "2.17"]
[White "Berbatis, Antonios"]
[Black "Posonidis, Theodoros"]
[Result "1-0"]
[WhiteElo "1400"]
[BlackElo "1147"]
[PlyCount "61"]
[EventDate "2015.06.26"]
[EventType "swiss"]
[EventRounds "9"]
[EventCountry "GRE"]
[SourceTitle "EXT 2024"]
[Source "ChessBase"]
[SourceDate "2023.10.10"]
[SourceVersion "1"]
[SourceVersionDate "2023.10.10"]
[SourceQuality "1"]

1. e4 c5 2. Nc3 d6 3. f4 Nc6 4. Nf3 Nf6 5. Bb5 Bd7 6. 0-0 g6 7. d3 Bg7 8. Qe1 0-0 9. Qh4 Nd4 10. Bxd7 Nxf3+ 11. Rxf3 Qxd7 12. f5 e6 13. Bg5 Qe7 14. Rh3 h5 15. g4 Kh7 16. fxg6+ fxg6 17. gxh5 Rh8 18. h6 Kg8 19. h7+ Kf7 20. Rf1 Raf8 21. Rhf3 Ke8 22. Bxf6 Bxf6 23. Rxf6 Rxf6 24. Qxf6 Qxh7 25. Qxe6+ Kd8 26. Qxd6+ Kc8 27. Qxc5+ Kd7 28. Qd5+ Kc8 29. Qe6+ Kd8 30. Qd6+ Ke8 31. Nd5 1-0

[Event "GRE-ch U14"]
[Site "Rio Achaia"]
[Date "2015.06.27"]
[Round "3.11"]
[White "Petrakis, Stylianos"]
[Black "Berbatis, Antonios"]
[Result "1-0"]
[WhiteElo "1759"]
[BlackElo "1400"]
[PlyCount "103"]
[EventDate "2015.06.26"]
[EventType "swiss"]
[EventRounds "9"]
[EventCountry "GRE"]
[SourceTitle "EXT 2024"]
[Source "ChessBase"]
[SourceDate "2023.10.10"]
[SourceVersion "1"]
[SourceVersionDate "2023.10.10"]
[SourceQuality "1"]

1. e4 e5 2. Nf3 Nc6 3. d4 exd4 4. Nxd4 Qf6 5. Be3 Bc5 6. c3 Nge7 7. Bc4 0-0 8. 0-0 b6 9. Nc2 Bxe3 10. Nxe3 Bb7 11. Nd5 Nxd5 12. Bxd5 Qe7 13. Na3 Na5 14. Re1 c6 15. Bb3 Nxb3 16. axb3 Rfe8 17. Nc4 d5 18. exd5 Qxe1+ 19. Qxe1 Rxe1+ 20. Rxe1 cxd5 21. Nd6 Ba6 22. Re7 f6 23. Nf5 g6 24. Nh6+ Kh8 25. Ng4 Rf8 26. Rxa7 Bd3 27. Rb7 b5 28. Ne3 Rd8 29. h3 d4 30. Ng4 Be4 31. Re7 Bf5 32. Nxf6 g5 33. cxd4 Rxd4 34. Re5 Rf4 35. Nh5 Bd7 36. Nxf4 gxf4 37. Re7 Bc6 38. Kf1 Kg8 39. g4 fxg3 40. fxg3 Bd5 41. b4 Bc4+ 42. Kf2 Bd3 43. Ke3 Bf1 44. h4 Bc4 45. Ke4 Bb3 46. Ke5 Bf7 47. Kf6 Bg6 48. Rg7+ Kh8 49. Rd7 Be8 50. Rd8 h5 51. Rxe8+ Kh7 52. Kf7 1-0

[Event "GRE-ch U14"]
[Site "Rio Achaia"]
[Date "2015.06.26"]
[Round "1.7"]
[White "Androutsopoulos Agiotatos, Vasilios"]
[Black "Berbatis, Antonios"]
[Result "1-0"]
[WhiteElo "1896"]
[BlackElo "1400"]
[PlyCount "87"]
[EventDate "2015.06.26"]
[EventType "swiss"]
[EventRounds "9"]
[EventCountry "GRE"]
[SourceTitle "EXT 2024"]
[Source "ChessBase"]
[SourceDate "2023.10.10"]
[SourceVersion "1"]
[SourceVersionDate "2023.10.10"]
[SourceQuality "1"]

1. e4 e5 2. Nf3 Nc6 3. Bb5 a6 4. Ba4 Nf6 5. 0-0 Be7 6. Re1 d6 7. c3 Bg4 8. d3 0-0 9. h3 Bh5 10. Nbd2 Re8 11. Nf1 h6 12. g4 Bg6 13. Nh4 Bh7 14. Nf5 Bxf5 15. gxf5 b5 16. Bb3 Na5 17. Bc2 c5 18. Qf3 Bf8 19. Ne3 Rc8 20. Kh1 c4 21. Rg1 Kh7 22. Rg2 cxd3 23. Bxd3 d5 24. Nxd5 Nxd5 25. exd5 Qf6 26. Be4 Nc4 27. b3 Nd6 28. Bd2 Nxe4 29. Qxe4 Red8 30. Rag1 Rc5 31. h4 Rcxd5 32. Bg5 hxg5 33. hxg5 Qc6 34. g6+ Kg8 35. c4 Rc5 36. Qh4 fxg6 37. fxg6 Bd6 38. Qxd8+ Bf8 39. Qh4 Bd6 40. Qh7+ Kf8 41. Qh8+ Ke7 42. Qxg7+ Ke8 43. Qg8+ Bf8 44. Qf7+ 1-0